Analýza dopadov finančnej krízy na činnosť ratingových agentúr diplomová práca

Salvato in:
Dettagli Bibliografici
Autore principale: Machajda, Martin
Ente Autore: Národohospodárska fakulta EU. Katedra bankovníctva a medzinárodných financií
Altri autori: Klimiková, Mária
Natura: Libro
Lingua:slovacco
Pubblicazione: Bratislava 2015
Tags: Aggiungi Tag
Nessun Tag, puoi essere il primo ad aggiungerne!!

MARC

LEADER 00000nbm a2200000 4500
001 0207951
005 20161031145645.6
041 0 |a slo 
044 |a SK 
245 1 0 |a Analýza dopadov finančnej krízy na činnosť ratingových agentúr  |b diplomová práca  |c Martin Machajda ; školiteľ: Mária Klimiková 
264 1 |a Bratislava  |c 2015 
300 |a 56 s. 
100 1 |a Machajda, Martin 
700 1 |a Klimiková, Mária 
710 2 |a Národohospodárska fakulta EU. Katedra bankovníctva a medzinárodných financií